LEADER 00809nam0-22003011i-450- 001 990001813860403321 005 20021010 035 $a000181386 035 $aFED01000181386 035 $a(Aleph)000181386FED01 035 $a000181386 100 $a20021010d--------km-y0itay50------ba 101 0 $aita 200 1 $aDairyng$fJohn Mahon. 210 $aBrisbane$cEdmund Gregory-Government Printer$d1896. 215 $a39 p.$d22 cm 300 $aBulletin of the Department of Agriculture, Brisbane, 1896, n. 9 610 0 $aLatte 676 $a637.1 700 1$aMahon,$bJohn$0357408 801 0$aIT$bUNINA$gRICA$2UNIMARC 901 $aBK 912 $a990001813860403321 952 $a60 DONO COMES 16/36$b37681$fFAGBC 959 $aFAGBC 996 $aDairyng$9410272 997 $aUNINA DB $aING01 LEADER 01437nam0-2200421---450- 001 990000758160203316 005 20090401172111.0 020 $aIT$b91-11081 035 $a0075816 035 $aUSA010075816 035 $a(ALEPH)000075816USA01 035 $a0075816 100 $a20011121d1989----y0itay01 ba 101 $aita 102 $aIT 105 $a00||| 200 1 $aDifesa europea e rapporti Est-Ovest$eaudizioni della Commissione difesa della Camera dei deputati, febbraio-aprile 1988 210 $aRoma$cCamera dei deputati, Servizio informazione parlamentare e relazioni esterne$d1989 215 $a181 p.$d21 cm 225 2 $aQuaderni di studi e legislazione$v41. 410 0$12001$aQuaderni di studi e legislazione$v41. 606 $aDisarmo$yEuropa 607 $aEuropa$xDifesa militare 676 $a327.174094 710 01$aItalia$b: Camera dei deputati$c: Commissione difesa$0134311 801 0$aIT$bsalbc$gISBD 912 $a990000758160203316 951 $a327.17 ITA 2 (ISP II 864)$b71812 EC$cISP II$d00188505 959 $aBK 969 $aECO 979 $aPATTY$b90$c20011121$lUSA01$h1319 979 $aPATTY$b90$c20011121$lUSA01$h1351 979 $c20020403$lUSA01$h1723 979 $aPATRY$b90$c20020906$lUSA01$h1345 979 $aPATRY$b90$c20040406$lUSA01$h1652 979 $aRSIAV4$b90$c20090401$lUSA01$h1721 996 $aDifesa europea e rapporti Est-Ovest$9738143 997 $aUNISA